Top 10 des animaux qui tuent le plus d'humains par an - Statistiques

Statistiques générales
  • Ce quiz a été pris 113 fois
  • Le résultat moyen est 5 sur 10
Statistiques - réponses
Hint Réponse % Correct
~750 000 morts/an Moustique
91%
~59 000 morts/an Chien
82%
~100 000 morts/an Serpent
76%
~200 morts/an Lion
72%
~1 000 morts/an Crocodile
58%
~500 morts/an Elephant
56%
~500 morts/an Hippopotame
53%
~475 000 morts/an Humain
18%
~10 000 morts/an Mouche tsé-tsé
7%
~10 000 morts/an Punaise
4%
Aucun quiz correspondant
Distribution des résultats
% des personnes avec chaque résultat
Percentile par nombre de réponses
Votre historique - résultats
Vous n’avez pas pris ce quiz